00837cam a2200253 a 450000100100000000500170001000800410002702000150006804000330008308200200011610000300013624500410016626000670020730000210027449000210029565000240031665000280034083000270036891000340039591000070042904900090043695201230044599900150056800000867020200929161400.0980806s1994 cu 000 f spa d a9592090459 aDO-SdBNPcDZMdPL#dGZMdDLC aCu863.44bC957c1 aCruz, Mary,d1923-92310910aColombo de Terrarrubra /cMary Cruz. aLa Habana :bUnión de Escritores y Artistas de Cuba,cc1994. a573 p. ;c19 cm.1 aContemporáneos 4aNovela cubana92316 4aLiteratura cubana91483 0aContemporáneos96941 aCatalogación por copia / LC aWM aBNGR 001052708MOaGRbGRcHDd2009-09-17iLF1l0oCu863.44 C957cp8670-10r2020-06-25w2020-06-25y2ZPréstamo interno c8440d8440